Statistics for Capitals with Double Letters

Click here to take the quiz!

General Stats

  • This quiz has been taken 70 times
    (69 since last reset)
  • The average score is 14 of 21

Answer Stats

letter capital % Correct
CAccra
92%
DAddis Ababa
90%
TOttawa
82%
AUlaan Baatar
80%
Z LBrazzaville
80%
LWellington
80%
RCanberra
79%
L NTallinn
79%
R LAndorra La Vella
75%
SBrussels
72%
MAmman
69%
S RBasseterre
69%
NVienna
69%
L TValletta
69%
SBissau
64%
EFreetown
56%
LLibreville
51%
SNassau
51%
SYamoussoukro
46%
TNouakchott
44%
TSri Jayawardenapura Kotte
43%

Score Distribution

Percentile by Number Answered

Percent of People with Each Score

Your Score History

You have not taken this quiz since the last reset